| 000 | 00928cab a2200277 4500 | ||
|---|---|---|---|
| 001 | ABS53239 | ||
| 008 | 090401t1995 xxu||||| |||| 00| 0 eng d | ||
| 035 | _a(Sirsi) u2860 | ||
| 041 | _aeng | ||
| 245 | _aTaking stock of saving energy | ||
| 260 | _c1995 | ||
| 350 | _a0 | ||
| 490 |
_aMunicipal Journal _v(27) 7 July 1995, 26-28(3) |
||
| 520 | _aSets out the new responsibilities for housing authorities under the Home Energy Conservation Bill. Local authorities will have a duty to improve energy efficiency in public and private sector housing stock. | ||
| 650 | _aBREDEM | ||
| 650 | _aENERGY AUDITS | ||
| 650 | _aENERGY CONSERVATION STRATEGY | ||
| 650 | _aENERGY EFFICIENCY | ||
| 650 | _aHOME ENERGY CONSERVATION BILL | ||
| 650 | _aLOCAL AUTHORITIES | ||
| 650 | _aSAP | ||
| 650 | _aSTANDARD ASSESSMENT PROCEDURE | ||
| 690 | _aENVIRONMENTAL AND LAND CONSULTANCY-ENERGY | ||
| 942 | _n0 | ||
| 948 | _c04/03/1997 | ||
| 999 |
_c1720 _d1720 |
||